000
00294nam a2200121Ia 4500
005
20251222143306.0
008
251222s9999||||xx |||||||||||||| ||spa||
082
_a
823.8/T45F
100
_a
Thackeray, William Makepeace
245
0
_a
La Feria de las Vanidades
264
_b
Alonso
942
_c
LIB
999
_c
15513
_d
15513